|
|
|
|
| LEADER |
00000nlm0a2200000 4500 |
| 001 |
171607 |
| 005 |
20240129095127.0 |
| 035 |
|
|
|a (RuTPU)RU\TPU\book\186066
|
| 090 |
|
|
|a 171607
|
| 100 |
|
|
|a 20091207d2009 k y0rusy50 ca
|
| 101 |
0 |
|
|a rus
|
| 102 |
|
|
|a RU
|
| 105 |
|
|
|a a dm 001zy
|
| 135 |
|
|
|a drbn ---uucaa
|
| 181 |
|
0 |
|a i
|
| 182 |
|
0 |
|a b
|
| 200 |
1 |
|
|a Оптимизация режимов работы установок электроцентробежных насосов механизированной добычи нефти
|e автореферат диссертации на соискание ученой степени кандидата технических наук
|e спец. 05.09.03
|f В. А. Сипайлов
|g Томский политехнический университет (ТПУ) ; науч. рук. В. Г. Букреев
|
| 203 |
|
|
|a Текст
|c электронный
|
| 210 |
|
|
|a Томск
|d 2009
|
| 215 |
|
|
|a 1 файл (721 Kb)
|
| 300 |
|
|
|a Заглавие с титульного экрана
|
| 300 |
|
|
|a Электронная версия печатной публикации
|
| 337 |
|
|
|a Adobe Reader
|
| 452 |
|
1 |
|0 (RuTPU)RU\TPU\book\182336
|t Оптимизация режимов работы установок электроцентробежных насосов механизированной добычи нефти
|o автореферат диссертации на соискание ученой степени кандидата технических наук
|o спец. 05.09.03
|f В. А. Сипайлов
|g Томский политехнический университет (ТПУ) ; науч. рук. В. Г. Букреев
|c Томск
|n Б.и.
|d 2009
|p 19 с.
|a Сипайлов, Вадим Андреевич
|
| 606 |
1 |
|
|a Насосы нефтяные глубинные электроцентробежные
|2 stltpush
|3 (RuTPU)RU\TPU\subj\44998
|9 64266
|
| 610 |
1 |
|
|a нефтедобывающая промышленность
|
| 610 |
1 |
|
|a нефтедобывающее оборудование
|
| 610 |
1 |
|
|a электроцентробежные насосы
|
| 610 |
1 |
|
|a структура
|
| 610 |
1 |
|
|a режим работы
|
| 610 |
1 |
|
|a оптимизация
|
| 610 |
1 |
|
|a математическое моделирование
|
| 610 |
1 |
|
|a управление
|
| 610 |
1 |
|
|a авторефераты диссертаций
|
| 610 |
1 |
|
|a электронный ресурс
|
| 675 |
|
|
|a 622.276.53(04)
|v 3
|
| 686 |
|
|
|a 05.09.03
|2 oksvnk
|
| 700 |
|
1 |
|a Сипайлов
|b В. А.
|g Вадим Андреевич
|
| 702 |
|
1 |
|a Букреев
|b В. Г.
|c специалист в области электротехники
|c профессор Томского политехнического университета, доктор технических наук
|f 1952-
|g Виктор Григорьевич
|3 (RuTPU)RU\TPU\pers\26527
|4 727
|9 12221
|
| 712 |
0 |
2 |
|a Томский политехнический университет (ТПУ)
|c (1991- )
|3 (RuTPU)RU\TPU\col\376
|
| 801 |
|
1 |
|a RU
|b 63413507
|c 20091207
|
| 801 |
|
2 |
|a RU
|b 63413507
|c 20151116
|g RCR
|
| 856 |
4 |
|
|u http://www.lib.tpu.ru/fulltext/a/2009/63.pdf
|
| 942 |
|
|
|c CF
|